00652nam a2200181 a 450000100100000000500170001000800410002702000150006804000250008308200150010810000160012324501110013926000860025030000330033650000370036950000380040670000260044400004114320201002034644.0130919s1994 sp ab 001 0 spa d a8487111327 aDO-SdBNPbspacBNPHU axxxxbxxxx1 aSala Catala10aCiencia y Técnica en la metropolización de América. /cJosé Sala Catala; prólogo, Horacio Capel. aMadrid, :bDoce callesbConsejo Superior de Investigaciones Científicas,c1994. a346 p. :bil. map. ;c33 cm. aIncluye notas al pie de página aIncluye índice de ilustraciones1 aCapel, Horacioeprol.